Normal view
MARC view
- Stein, Lincoln D.
Entry Personal Name
001 - CONTROL NUMBER
- control field: 100528
003 - CONTROL NUMBER IDENTIFIER
- control field: NUST
005 - DATE AND TIME OF LATEST TRANSACTION
- control field: 20221017150350.0
008 - FIXED-LENGTH DATA ELEMENTS
- fixed length control field: 221017|| aca||aabn | a|a d
040 ## - CATALOGING SOURCE
- Original cataloging agency: NUST
- Transcribing agency: NUST
100 ## - HEADING--PERSONAL NAME
- Personal name: Stein, Lincoln D.
670 ## - SOURCE DATA FOUND
- Source citation: Work cat.: (NUST)180181: Stein, Lincoln D.,, How to set up and maintain a World Wide Web site :, c1995.
